[Event "International Tournament "]
[Site "Pool "]
[Date "2021.07.13"]
[Round "5.27"]
[White "Simantsev, Mikhail"]
[Black "Gunduz, Umut Erdem"]
[Result "1-0"]
[WhiteElo "2398"]
[BlackElo "2131"]
[PlyCount "73"]
[EventDate "2021.07.09"]

1. d4 Nf6 2. c4 c5 3. d5 e6 4. Nc3 exd5 5. cxd5 d6 6. Nf3 g6 7. Bf4 a6 8. a4
Bg7 9. h3 O-O 10. e3 Re8 11. Nd2 Nbd7 12. Be2 Ne5 13. a5 Nfd7 14. O-O f5 15.
Bg3 Qe7 16. Re1 Nf6 17. Qb3 Bd7 18. Qb6 Nf7 19. Nc4 Bf8 20. Rac1 Bc8 21. Qb3
Nd7 22. Na4 Rb8 23. Qa3 Nde5 24. b4 cxb4 25. Qxb4 Nxc4 26. Bxc4 Bd7 27. Nb6 Bg7
28. Be2 Be5 29. f4 Bf6 30. Rc7 Red8 31. Bd1 Qe8 32. Rxd7 Rxd7 33. Ba4 Rbd8 34.
e4 fxe4 35. Nxd7 Rxd7 36. Rxe4 Qd8 37. Re6 1-0

[Event "International Tournament "]
[Site "Pool "]
[Date "2021.07.13"]
[Round "5.28"]
[White "Krasteva, Beloslava"]
[Black "Radovanovic, Nikola"]
[Result "1/2-1/2"]
[WhiteElo "2305"]
[BlackElo "2395"]
[Annotator "Balkanchess"]
[PlyCount "74"]
[EventDate "2021.07.09"]

1. d4 d6 2. c4 e5 3. d5 Be7 4. Nc3 Bg5 5. e3 f5 6. Nf3 Bf6 7. e4 Na6 8. exf5
Bxf5 9. Bd3 Qd7 10. O-O Ne7 11. Bxf5 Qxf5 12. Nd2 O-O 13. Nde4 Qg6 14. Be3 Nf5
15. Qd2 b6 16. f3 Be7 17. Rab1 Nc5 18. b4 Nd7 19. Rbc1 a5 20. a3 Rfc8 21. Bf2
h5 22. Nb5 h4 23. c5 axb4 24. cxd6 cxd6 25. axb4 Rxc1 26. Rxc1 h3 27. g4 Bh4
28. Bg3 Nd4 29. Nxd4 Bxg3 30. Ne6 Bf4 31. Nxf4 exf4 32. Qxf4 Ne5 33. Qg3 Qf7
34. Ng5 Qxd5 35. Qxh3 Qd3 36. f4 Qxh3 37. Nxh3 Nxg4 {...54} 1/2-1/2

[Event "International Tournament "]
[Site "Pool "]
[Date "2021.07.13"]
[Round "5.29"]
[White "Bhambure, Shantanu"]
[Black "Zhukenov, Aituar"]
[Result "1-0"]
[WhiteElo "2391"]
[BlackElo "2241"]
[Annotator "Balkanchess"]
[PlyCount "57"]
[EventDate "2021.07.09"]

1. d4 Nf6 2. c4 e6 3. Nf3 Bb4+ 4. Bd2 Qe7 5. e3 Ne4 6. Bd3 Nxd2 7. Nbxd2 O-O 8.
O-O Bxd2 9. Qxd2 d6 10. Qc3 Nd7 11. b4 e5 12. Nd2 f5 13. f4 Nf6 14. fxe5 Ng4
15. Rae1 dxe5 16. h3 Nh6 17. dxe5 Be6 18. Nb3 Rae8 19. Nd4 Bc8 20. e4 f4 21. e6
Bxe6 22. Nxe6 Qxe6 23. e5 Kh8 24. c5 b6 25. Bb5 Re7 26. Bc4 Qg6 27. e6 bxc5 28.
bxc5 Qg5 29. Re5 {...60} 1-0

[Event "International Tournament "]
[Site "Pool "]
[Date "2021.07.13"]
[Round "5.30"]
[White "Souhardo, Basak"]
[Black "Samaridis, Konstantinos"]
[Result "0-1"]
[WhiteElo "2364"]
[BlackElo "2081"]
[PlyCount "144"]
[EventDate "2021.07.09"]

1. e4 e5 2. Nf3 Nc6 3. Bb5 a6 4. Ba4 Nf6 5. O-O Nxe4 6. d4 b5 7. Bb3 d5 8. dxe5
Be6 9. Nbd2 Be7 10. c3 Nc5 11. Bc2 d4 12. Nb3 d3 13. Bb1 Nxb3 14. axb3 Bf5 15.
Be3 O-O 16. Bd4 Qd5 17. Bxd3 Bxd3 18. Qxd3 Qxb3 19. Qe4 Qe6 20. Rfe1 f6 21.
exf6 Qxe4 22. Rxe4 Bxf6 23. Bc5 Rfd8 24. Re6 Nb8 25. Bd4 Bxd4 26. Nxd4 c5 27.
Nb3 c4 28. Nd4 Nd7 29. Rc6 Ne5 30. Rcxa6 Rxa6 31. Rxa6 Nd3 32. Nxb5 Nxb2 33.
Rd6 Re8 34. g3 Re2 35. Rd8+ Kf7 36. Rd4 Kg6 37. Nd6 Nd3 38. Rg4+ Kf6 39. Rxc4
Ke5 40. f4+ Kf6 41. Re4 Rc2 42. Rd4 Ne1 43. Kf1 Nf3 44. Rd3 Nxh2+ 45. Ke1 Ng4
46. Rd2 Rc1+ 47. Ke2 Ke6 48. Nb5 Kf5 49. Kd3 Nf6 50. Nd4+ Kg4 51. Ne2 Ra1 52.
Ke3 Ra7 53. Rc2 Re7+ 54. Kf2 Ne4+ 55. Kg2 Nc5 56. c4 Re3 57. Kf2 Rf3+ 58. Ke1
Ra3 59. Kd1 h5 60. Rb2 Ne4 61. Rb7 Kf3 62. Nd4+ Kxg3 63. f5 Rd3+ 64. Ke2 Rxd4
65. Ke3 Rxc4 66. Rxg7+ Kh4 67. Rg6 Ng5 68. f6 Re4+ 69. Kd3 Rf4 70. Ke3 Kg4 71.
Rh6 Kf5 72. Ke2 h4 0-1

[Event "International Tournament "]
[Site "Pool "]
[Date "2021.07.13"]
[Round "5.31"]
[White "Heinemann, Josefine"]
[Black "Baglan, Esat"]
[Result "1-0"]
[WhiteElo "2285"]
[BlackElo "2359"]
[Annotator "Balkanchess"]
[PlyCount "71"]
[EventDate "2021.07.09"]

1. e4 c5 2. Nf3 d6 3. d4 cxd4 4. Nxd4 Nf6 5. Nc3 a6 6. f3 e5 7. Nb3 Be7 8. Be3
Be6 9. Qd2 h5 10. Nd5 Nxd5 11. exd5 Bf5 12. Be2 Qc7 13. Rc1 Bh4+ 14. g3 Bf6 15.
a4 Nd7 16. c4 O-O 17. a5 Rfe8 18. O-O Rac8 19. Na1 e4 20. f4 Bh3 21. Rfe1 Nc5
22. b4 Nd3 23. Bxd3 exd3 24. Nb3 Bf5 25. Bd4 Rxe1+ 26. Qxe1 Qd7 27. Bxf6 gxf6
28. Nd4 Re8 29. Qc3 Be4 30. Re1 h4 31. Re3 Qa4 32. Qe1 Kf8 33. gxh4 Qa2 34. Nf3
Qxc4 35. Nd2 Qd4 36. Qf2 {...66} 1-0

[Event "International Tournament "]
[Site "Pool "]
[Date "2021.07.13"]
[Round "5.34"]
[White "Grieve, Harry"]
[Black "Aydin, Gulenay"]
[Result "1-0"]
[WhiteElo "2351"]
[BlackElo "1965"]
[PlyCount "77"]
[EventDate "2021.07.09"]

1. e4 c6 2. d4 d5 3. e5 Bf5 4. h4 h5 5. Bd3 Bxd3 6. Qxd3 e6 7. Bg5 Be7 8. Nf3
Nh6 9. Nbd2 Nf5 10. g3 Nd7 11. c4 dxc4 12. Nxc4 Nb6 13. Ne3 g6 14. Rd1 Qd7 15.
O-O O-O-O 16. a4 Kb8 17. a5 Nd5 18. Nc4 Nc7 19. Rd2 Nb5 20. Rfd1 Bxg5 21. hxg5
Qe7 22. Qb3 Rd5 23. Ne3 Rd7 24. d5 Nxe3 25. d6 Qd8 26. Qxe3 Qxa5 27. Qf4 Qb6
28. Rc2 Rc8 29. Rdc1 Rcd8 30. Rc4 Qa5 31. Nd2 Qa2 32. b4 Na3 33. Rc5 Rc8 34.
Qe3 Nb5 35. Ne4 Qb2 36. Rxb5 cxb5 37. Rxc8+ Kxc8 38. Qxa7 Qb1+ 39. Kh2 1-0

[Event "International Tournament "]
[Site "Pool "]
[Date "2021.07.13"]
[Round "5.35"]
[White "Phatak, Aanjaneya"]
[Black "Aitbayev, Aslan"]
[Result "0-1"]
[WhiteElo "1769"]
[BlackElo "2475"]
[PlyCount "66"]
[EventDate "2021.07.09"]

1. e4 d6 2. d4 Nf6 3. Nc3 g6 4. Nf3 Bg7 5. Be3 a6 6. Qd2 b5 7. Bd3 Bb7 8. Bh6
Bxh6 9. Qxh6 b4 10. Nd5 Nxd5 11. exd5 Bxd5 12. O-O-O Nc6 13. Rhe1 Qd7 14. Qg7
O-O-O 15. Bxa6+ Kb8 16. Qh6 Ka7 17. Bb5 Kb6 18. Ba4 Ra8 19. Bb3 Bxb3 20. axb3
Qf5 21. Qe3 Qd5 22. Qd3 Ra1+ 23. Kd2 Ra2 24. Ra1 Rha8 25. Rxa2 Rxa2 26. Ke2 f6
27. Kf1 e5 28. c4 bxc3 29. bxc3 exd4 30. Nxd4 Ne5 31. Qe4 Qxe4 32. Rxe4 Nd3 33.
Re6 Ra1+ 0-1

[Event "International Tournament "]
[Site "Pool "]
[Date "2021.07.13"]
[Round "5.36"]
[White "Varshini, V."]
[Black "Prithu, Gupta"]
[Result "0-1"]
[WhiteElo "2226"]
[BlackElo "2472"]
[Annotator "Balkanchess"]
[PlyCount "68"]
[EventDate "2021.07.09"]

1. e4 e5 2. Nf3 Nc6 3. Bb5 g6 4. c3 a6 5. Ba4 Bg7 6. d4 exd4 7. cxd4 b5 8. Bb3
Nge7 9. Nc3 d6 10. h3 O-O 11. O-O Na5 12. Bc2 c5 13. dxc5 dxc5 14. Qxd8 Rxd8
15. Be3 Nc4 16. Bxc5 Nc6 17. Rad1 Be6 18. Rxd8+ Rxd8 19. Ng5 Nxb2 20. Nxe6 fxe6
21. Nd1 Rd2 22. Bb3 Nc4 23. Ne3 N6a5 24. Bxc4 Nxc4 25. Nxc4 bxc4 26. Rc1 c3 27.
Bb4 Bd4 28. Bxc3 Bxf2+ 29. Kf1 Rxa2 30. Bf6 Bg3 31. Bd4 h5 32. e5 Ra4 33. Rc8+
Kf7 34. Rc7+ Ke8 {...93} 0-1

[Event "International Tournament "]
[Site "Pool "]
[Date "2021.07.13"]
[Round "5.37"]
[White "Ivic, Matija"]
[Black "Zarubitski, Viachaslau"]
[Result "0-1"]
[WhiteElo "2226"]
[BlackElo "2426"]
[Annotator "Balkanchess"]
[PlyCount "26"]
[EventDate "2021.07.09"]

1. Nf3 Nf6 2. c4 e6 3. g3 a6 4. Bg2 b5 5. b3 Bb7 6. O-O c5 7. Bb2 Be7 8. d3 d5
9. Qc2 O-O 10. Nbd2 Nc6 11. Rac1 Rc8 12. d4 dxc4 13. bxc4 cxd4 {...56} 0-1

[Event "International Tournament "]
[Site "Pool "]
[Date "2021.07.13"]
[Round "5.38"]
[White "Milosevic, Milos"]
[Black "Ozdemir, Serhan Berat"]
[Result "1-0"]
[WhiteElo "2396"]
[BlackElo "2191"]
[Annotator "Balkanchess"]
[PlyCount "65"]
[EventDate "2021.07.09"]

1. e4 c5 2. Nc3 e6 3. Nge2 a6 4. g3 b5 5. Bg2 Bb7 6. O-O Nf6 7. d4 b4 8. Na4
Bxe4 9. Nxc5 Bxg2 10. Kxg2 Qc7 11. Nd3 Nc6 12. a3 bxa3 13. b3 Qa5 14. c4 Ne4
15. d5 exd5 16. cxd5 Qxd5 17. Nef4 Qd4 18. Be3 Qd6 19. Qf3 f5 20. Rfd1 Nd4 21.
Qh5+ g6 22. Nxg6 Qxg6 23. Qxg6+ hxg6 24. Bxd4 Rh7 25. b4 Rc8 26. Rxa3 Rc4 27.
Ne5 Rc2 28. Nxg6 Bxb4 29. Rxa6 Bc3 30. Be3 d6 31. Ra8+ Kf7 32. Nf4 Be5 33. Nd3
{...51} 1-0

[Event "International Tournament "]
[Site "Pool "]
[Date "2021.07.13"]
[Round "5.39"]
[White "Yordanov, Lachezar"]
[Black "Radisavljevic, Dalibor"]
[Result "1-0"]
[WhiteElo "2325"]
[BlackElo "2186"]
[PlyCount "77"]
[EventDate "2021.07.09"]

1. d4 Nf6 2. c4 g6 3. Nc3 d5 4. Nf3 Bg7 5. h4 dxc4 6. e4 c5 7. d5 b5 8. h5 O-O
9. hxg6 fxg6 10. Rh4 b4 11. Nb1 e6 12. Bxc4 exd5 13. exd5 Re8+ 14. Kf1 Ba6 15.
Bxa6 Nxa6 16. d6 Qd7 17. Qd3 Nc7 18. Nbd2 Rad8 19. Nc4 Nb5 20. Bf4 Qf5 21. Qxf5
gxf5 22. Rd1 Re4 23. Ne3 Ng4 24. Nxg4 fxg4 25. Rxg4 h5 26. Ng5 Ree8 27. Rg3 Nd4
28. Re3 Rf8 29. g3 Rd7 30. b3 Rc8 31. Kg2 Nb5 32. Re6 Bd4 33. Rg6+ Kf8 34. Rh6
Kg8 35. Ne4 Kg7 36. Rxh5 Nc3 37. Re1 Nxe4 38. Rxe4 a5 39. Re7+ 1-0

[Event "International Tournament "]
[Site "Pool "]
[Date "2021.07.13"]
[Round "5.40"]
[White "Sylvan, Jacob"]
[Black "Mitev, Valentin"]
[Result "1/2-1/2"]
[WhiteElo "2322"]
[BlackElo "2181"]
[PlyCount "75"]
[EventDate "2021.07.09"]

1. d4 Nf6 2. c4 g6 3. Nc3 d5 4. Nf3 Bg7 5. Qb3 dxc4 6. Qxc4 O-O 7. e4 Nc6 8.
Be2 Bg4 9. Be3 Bxf3 10. gxf3 e5 11. d5 Nd4 12. Nb5 Nxe2 13. Qxe2 c6 14. dxc6
bxc6 15. Na3 Nh5 16. Qd2 Qh4 17. O-O-O Nf4 18. Nc4 Ne6 19. Kb1 Rfd8 20. Qe2
Rxd1+ 21. Rxd1 Qxh2 22. Rd7 h5 23. a4 h4 24. Nd6 Rf8 25. Qc4 Qh1+ 26. Ka2 Qxf3
27. Nxf7 Rxf7 28. Qxe6 Qf6 29. Qb3 h3 30. f4 h2 31. fxe5 Qf1 32. e6 h1=Q 33.
exf7+ Kh7 34. f8=N+ Qxf8 35. Bd4 Qxe4 36. Qh3+ Kg8 37. Qb3+ Kh7 38. Qh3+
1/2-1/2

[Event "International Tournament "]
[Site "Pool "]
[Date "2021.07.13"]
[Round "5.41"]
[White "Ufimtsev, Egor"]
[Black "Pasti, Aron"]
[Result "1/2-1/2"]
[WhiteElo "2168"]
[BlackElo "2318"]
[PlyCount "74"]
[EventDate "2021.07.09"]

1. d4 d5 2. c4 e6 3. Nf3 Nf6 4. g3 dxc4 5. Bg2 Nc6 6. Qa4 Bb4+ 7. Bd2 Nd5 8.
Bxb4 Ndxb4 9. O-O Rb8 10. Nc3 a6 11. Ne5 O-O 12. Nxc6 Nxc6 13. Bxc6 bxc6 14.
Qxc4 Rxb2 15. Rab1 Rb6 16. Qc5 Bd7 17. a4 Qa8 18. Rxb6 cxb6 19. Qxb6 Rb8 20.
Qc5 h6 21. Qe7 Qa7 22. Ne4 Re8 23. Qd6 e5 24. dxe5 Bg4 25. Re1 Qb6 26. Qc5 Qxc5
27. Nxc5 Rxe5 28. Nxa6 Ra5 29. Nb4 c5 30. Nd3 c4 31. Nb2 c3 32. Nd3 Rxa4 33. f3
Bf5 34. e4 Bc8 35. Rc1 Ra3 36. Kf2 Ba6 37. Nb4 Bb7 1/2-1/2

[Event "International Tournament "]
[Site "Pool "]
[Date "2021.07.13"]
[Round "5.42"]
[White "Barseghyan, Armen Ar"]
[Black "Efremov, Vladislav"]
[Result "1-0"]
[WhiteElo "2316"]
[BlackElo "2173"]
[Annotator "Balkanchess"]
[PlyCount "68"]
[EventDate "2021.07.09"]

1. d4 Nf6 2. c4 e6 3. Nc3 d5 4. Nf3 Bb4 5. Bg5 h6 6. Bxf6 Qxf6 7. e3 O-O 8. Be2
dxc4 9. Bxc4 b6 10. O-O Bxc3 11. bxc3 Bb7 12. Qe2 Nd7 13. a4 c5 14. a5 cxd4 15.
cxd4 Bxf3 16. Qxf3 Qxf3 17. gxf3 bxa5 18. Rxa5 Rfc8 19. Bd3 Nf6 20. Rfa1 Rc7
21. Kg2 Kf8 22. R1a2 Rc3 23. Be2 Rc7 24. f4 Nd5 25. Bf3 Rd7 26. f5 Ke7 27. fxe6
fxe6 28. Ra6 Kf7 29. R2a3 g6 30. R3a5 Rad8 31. Rxa7 Ne7 32. Be2 Rxa7 33. Rxa7
Rd6 34. Kf3 Kf6 {...80} 1-0

[Event "International Tournament "]
[Site "Pool "]
[Date "2021.07.13"]
[Round "5.43"]
[White "Ljepic, Andrej"]
[Black "Martic, Ivan"]
[Result "0-1"]
[WhiteElo "2136"]
[BlackElo "2314"]
[PlyCount "102"]
[EventDate "2021.07.09"]

1. e4 e6 2. d4 d5 3. exd5 exd5 4. Nf3 Bd6 5. Bd3 Ne7 6. O-O Nbc6 7. c3 Bg4 8.
Nbd2 Qd7 9. Qc2 Bf5 10. Bxf5 Qxf5 11. Qxf5 Nxf5 12. Re1+ Kd7 13. Nf1 f6 14. Ne3
Nxe3 15. Bxe3 g5 16. Rac1 Ne7 17. g3 c6 18. Re2 h5 19. h4 g4 20. Ne1 Rae8 21.
Nd3 Ng6 22. Rce1 Re4 23. Bd2 f5 24. Bg5 Rhe8 25. Kf1 b6 26. b4 Ra8 27. Rb2 Kc7
28. b5 a6 29. bxc6 Rxe1+ 30. Kxe1 Re8+ 31. Kd2 Kxc6 32. a4 Re4 33. a5 b5 34.
Rc2 Kd7 35. Be3 f4 36. gxf4 Nxh4 37. Ne5+ Bxe5 38. fxe5 Nf5 39. Bg5 h4 40. Rc1
h3 41. Rh1 b4 42. cxb4 Rxd4+ 43. Kc3 Rc4+ 44. Kb3 Nd4+ 45. Ka3 Ke6 46. Be3 Nc2+
47. Kb3 Nxe3 48. fxe3 Kxe5 49. Ra1 h2 50. b5 axb5 51. a6 Ra4 0-1

[Event "International Tournament "]
[Site "Pool "]
[Date "2021.07.13"]
[Round "5.44"]
[White "Peycheva, Gergana"]
[Black "Skonnord, Uno"]
[Result "1-0"]
[WhiteElo "2280"]
[BlackElo "2112"]
[PlyCount "41"]
[EventDate "2021.07.09"]

1. d4 Nf6 2. c4 e6 3. Nf3 d5 4. Nc3 c6 5. e3 Be7 6. Qc2 Nbd7 7. b3 O-O 8. Be2
b6 9. O-O Bb7 10. Bb2 c5 11. Rfd1 cxd4 12. Nxd4 dxc4 13. Bxc4 Rc8 14. Qe2 Qc7
15. Ncb5 Qc5 16. Ba3 Qxa3 17. Nxa3 Bxa3 18. Nb5 Bc5 19. Nxa7 Ra8 20. Nb5 Ne4
21. Rxd7 1-0

[Event "International Tournament "]
[Site "Pool "]
[Date "2021.07.13"]
[Round "5.45"]
[White "Kanov, Nikola"]
[Black "Durak, Can"]
[Result "1/2-1/2"]
[WhiteElo "2140"]
[BlackElo "2275"]
[PlyCount "66"]
[EventDate "2021.07.09"]

1. e4 e5 2. Nf3 Nc6 3. Bc4 Bc5 4. d3 Nf6 5. Bb3 d6 6. c3 a5 7. Nbd2 h6 8. h3
O-O 9. O-O Be6 10. Re1 Re8 11. Nf1 d5 12. Qe2 a4 13. Bc2 d4 14. Ng3 b5 15. a3
Qd7 16. Kh2 Rad8 17. Nh4 Ne7 18. Rf1 Ng6 19. Nhf5 Ne7 20. Nxe7+ Qxe7 21. f4
exf4 22. Bxf4 Bc8 23. Qf3 Bd6 24. cxd4 Bxf4 25. Qxf4 Rxd4 26. Ne2 Rdd8 27. Nc3
c6 28. Rad1 Qc5 29. Qf2 Qd4 30. Qxd4 Rxd4 31. Ne2 Rdd8 32. Nc3 Rd4 33. Ne2 Rdd8
1/2-1/2

[Event "International Tournament "]
[Site "Pool "]
[Date "2021.07.13"]
[Round "5.46"]
[White "Tanmay, Chopra"]
[Black "Ciric, Pavle"]
[Result "1/2-1/2"]
[WhiteElo "2273"]
[BlackElo "2078"]
[PlyCount "50"]
[EventDate "2021.07.09"]

1. Nf3 d5 2. b3 c5 3. e3 Nc6 4. Bb2 Nf6 5. Bb5 Bd7 6. O-O e6 7. d3 Bd6 8. Nbd2
Qc7 9. c4 a6 10. Bxc6 Bxc6 11. Rc1 Qe7 12. Ne5 O-O 13. Nxc6 bxc6 14. f4 e5 15.
f5 e4 16. Bxf6 Qxf6 17. dxe4 Qh6 18. Qf3 Qxh2+ 19. Kf2 dxe4 20. Nxe4 Rfe8 21.
Nxd6 Qxd6 22. Rcd1 Qe5 23. Rd2 Rad8 24. Rfd1 Rxd2+ 25. Rxd2 h6 1/2-1/2

[Event "International Tournament "]
[Site "Pool "]
[Date "2021.07.13"]
[Round "5.47"]
[White "Sahin, Ozgun"]
[Black "Ilijic, Mihajilo"]
[Result "1-0"]
[WhiteElo "2269"]
[BlackElo "2058"]
[PlyCount "83"]
[EventDate "2021.07.09"]

1. e4 c6 2. d4 d5 3. Nc3 dxe4 4. Nxe4 Nf6 5. Nxf6+ exf6 6. c3 Bd6 7. Bd3 O-O 8.
Ne2 Re8 9. O-O Nd7 10. Qc2 Nf8 11. Be3 g6 12. Rfe1 f5 13. Rad1 Qf6 14. g3 g5
15. d5 f4 16. Bd4 Qh6 17. dxc6 Bg4 18. cxb7 Rad8 19. Nc1 Bf3 20. Bf1 fxg3 21.
fxg3 Bxg3 22. Rxe8 Rxe8 23. Rd3 Be4 24. Bxa7 Bf4 25. Qf2 Bxd3 26. Nxd3 Bb8 27.
Bxb8 Rxb8 28. Bg2 Qd6 29. Qd4 Qg6 30. c4 Qh5 31. Nc5 Re8 32. Ne4 Rxe4 33. Qxe4
Qd1+ 34. Bf1 Qd6 35. Qd5 Qf4 36. c5 Ne6 37. c6 Kg7 38. Qd3 Qg4+ 39. Kh1 Qf4 40.
c7 Nc5 41. c8=Q Nxd3 42. Qc3+ 1-0

[Event "International Tournament "]
[Site "Pool "]
[Date "2021.07.13"]
[Round "5.48"]
[White "Srdanovic, Jovana"]
[Black "Beydullayeva, Govhar"]
[Result "1/2-1/2"]
[WhiteElo "2126"]
[BlackElo "2264"]
[PlyCount "32"]
[EventDate "2021.07.09"]

1. d4 Nf6 2. c4 e6 3. Nc3 Bb4 4. e3 O-O 5. Bd2 d5 6. Nf3 Re8 7. Bd3 dxc4 8.
Bxc4 b6 9. O-O Bb7 10. Qe2 Nbd7 11. a3 Bxc3 12. Bxc3 Ne4 13. Be1 Qe7 14. Bb5
Rec8 15. b4 Nd6 16. Bd3 c5 1/2-1/2

[Event "International Tournament "]
[Site "Pool "]
[Date "2021.07.13"]
[Round "5.49"]
[White "Jocev, Milan"]
[Black "Vujcic, Milena"]
[Result "1-0"]
[WhiteElo "2260"]
[BlackElo "2049"]
[PlyCount "35"]
[EventDate "2021.07.09"]

1. d4 Nf6 2. Bg5 Ne4 3. Bf4 c5 4. f3 Nf6 5. d5 Qb6 6. e4 Qxb2 7. Nd2 d6 8. Nc4
Qb4+ 9. Bd2 Qa4 10. Rb1 Qd7 11. g4 h6 12. h4 Qd8 13. Ba5 Qd7 14. Nh3 g6 15. g5
Nh5 16. Ne5 dxe5 17. Bb5 Nc6 18. dxc6 1-0